000 01229naa a22002897a 4500
001 BR9601807
003 BR-BrBNA
005 20240918181629.0
007 ta
008 230509b bl.||||| |||| 00| 0 por d
040 _aBR-BrBNA
_bpor
_cBiblioteca Nacional de Agricultura
041 _a(Pt)
072 _aQ54
_b8952
090 _aQ54 BR9601807
100 1 _aCodagnone, H.C.V.
100 1 _aMuehlmann, L.D.
111 1 _a1. Seminario de Experiencias de Campo na Area de Criacoes
_cCuritiba, PR (Brazil)
_d30 Sep 1982
245 1 _aQualidade da silagem - regiao de Londrina
260 3 _aCuritiba, PR (Brasil):
_c1984.
500 _aGomes, P.R.M. (coord.) 1. Seminario de Experiencias de Campo na Area de Criacoes. v. 1. Bovinocultura; Forrageiras Curitiba, PR (Brasil): 1984. p. 43-46 (BR9601807-AM)Q54
650 _aSilagem
650 _aAnalise Qualitativa
650 _aParana
773 0 _t1. Seminario de Experiencias de Campo na Area de Criacoes. v. 1. Bovinocultura; Forrageiras
_aGomes, P.R.M. (coord.). Empresa Paranaense de Assistencia Tecnica e Extensao Rural, Curitiba, PR (Brasil)
_wQ54 BR9601807
_gCuritiba, PR (Brasil), 1984. p. 43-46
909 _a202404
_bLucia
_c55
_dLucia Elande
942 _cAM
_2AGRIS
999 _c326142
_d326142